Guide to food transport: fish, meat and dairy products
Збережено в:
| Формат: | Книга |
|---|---|
| Мова: | Англійська |
| Опубліковано: |
Copenhague
Mercantilia
1990
|
| Предмети: | |
| Теги: |
Додати тег
Немає тегів, Будьте першим, хто поставить тег для цього запису!
|
MARC
| LEADER | 00000nam a2200000 a 4500 | ||
|---|---|---|---|
| 001 | UCV4810 | ||
| 003 | CL-VaPUC | ||
| 008 | 930423e19900000DK |||||||||||||||||eng|d | ||
| 082 | 0 | 4 | |a 629.04 |b GUI |2 21 |
| 245 | 1 | 0 | |a Guide to food transport: fish, meat and dairy products |
| 300 | |a 157 p | ||
| 942 | |c BK | ||
| 945 | |d 19930423 00:00:00 | ||
| 260 | |a Copenhague |b Mercantilia |c 1990 | ||
| 650 | 7 | |a TRANSPORTE |2 CL-VaPUC |9 256365 | |
| 650 | 0 | |a Alimentos |9 256203 | |
| 583 | |a last modification |c 19930423 00:00:00 |k Rodrigo Vera | ||
| 999 | |c 211480 |d 211478 | ||
| 952 | |0 0 |1 0 |4 0 |6 629_040000000000000_GUI_1990 |7 0 |8 A |9 190839 |a BIBING |b BIBING |d 2019-11-14 |i 2585049 |o 629.04 GUI 1990 |p 2585049 |r 2025-01-20 |w 2019-11-14 |y BK |k TRA | ||